000 00654nam a2200289Ia 4500
005 20260324144026.0
008 008 260324s9999 xx 000 0 eng d
020 _a9781315705736
037 _aEBOOK
040 _aCRL
040 _beng
040 _cCRL
041 _2eng
041 _aeng
084 _qCRL
100 _aKwok Yin-Wang
_91217797
245 0 _aChinese Urban Reform
245 0 _bWhat Model Now?
260 _bTaylor and Francis
260 _c1990
365 _a
365 _b170
856 _uhttp://www.taylorfrancis.com/books/9781315705736
942 _cEBOOK
999 _c1823906
_d1823906